=LDR 00000nam 2200000 4500 =001 INLIS000000000014981 =005 20130612110248 =008 ***********************************Ind** =035 ##$$0010-061300000014981 =041 ##$$a Ind =082 ##$$a 365.9 =090 ##$$a 635.9, Pit b =100 ##$$a Pitojo, Setijo =245 ##$$a Bunga kanfil, Setijo pitojo =260 ##$$a 1994 $b Yogyakarta =300 ##$$a 80 hlm, Ilus, 21 cm =650 ##$$a bunga kanfil =850 ##$$a NBPNMAT